Statistics for NBA Season Leaders by Team

Click here to take the quiz!

General Stats

  • This quiz has been taken 213 times
    (19 since last reset)
  • The average score is 139 of 170

Answer Stats

TeamCatNumberSeasonPlayer% Correct
Detroit PistonsRebounds13.02001–02Ben Wallace
100%
Detroit PistonsRebounds15.42002–03Ben Wallace
100%
Detroit PistonsBlocks3.52001–02Ben Wallace
100%
New Orleans HornetsSteals2.72007–08Chris Paul
100%
Los Angeles ClippersAssists10.72013–14Chris Paul
100%
New Orleans HornetsAssists11.02008–09Chris Paul
100%
New Orleans HornetsSteals2.82008–09Chris Paul
100%
Phoenix SunsAssists10.82021-22Chris Paul
100%
New Orleans HornetsSteals2.42010–11Chris Paul
100%
New Orleans HornetsAssists11.62007–08Chris Paul
100%
Los Angeles ClippersSteals2.42012–13Chris Paul
100%
Los Angeles ClippersSteals2.52011–12Chris Paul
100%
Los Angeles ClippersSteals2.52013–14Chris Paul
100%
Los Angeles ClippersAssists10.22014–15Chris Paul
100%
Los Angeles ClippersRebounds13.62013–14DeAndre Jordan
100%
Los Angeles ClippersRebounds15.02014–15DeAndre Jordan
100%
Chicago BullsRebounds14.91995–96Dennis Rodman
100%
San Antonio SpursRebounds16.81994–95Dennis Rodman
100%
Chicago BullsRebounds16.11996–97Dennis Rodman
100%
Chicago BullsRebounds15.01997–98Dennis Rodman
100%
Detroit PistonsRebounds18.71991–92Dennis Rodman
100%
Detroit PistonsRebounds18.31992–93Dennis Rodman
100%
San Antonio SpursRebounds17.31993–94Dennis Rodman
100%
Miami HeatPoints30.22008–09Dwyane Wade
100%
Charlotte BobcatsSteals2.52005–06Gerald Wallace
100%
Houston RocketsBlocks4.21992–93Hakeem Olajuwon
100%
Houston RocketsBlocks4.01990–91Hakeem Olajuwon
100%
Houston RocketsPoints36.12018–19James Harden
100%
Houston RocketsAssists11.22016–17James Harden
100%
Houston RocketsPoints30.42017–18James Harden
100%
Philadelphia 76ersAssists10.72022-23James Harden
100%
Houston RocketsPoints34.32019–20James Harden
100%
Miami HeatSteals2.12020–21Jimmy Butler
100%
Minnesota TimberwolvesRebounds12.82006–07Kevin Garnett
100%
Minnesota TimberwolvesRebounds12.72005–06Kevin Garnett
100%
Minnesota TimberwolvesRebounds13.92003–04Kevin Garnett
100%
Minnesota TimberwolvesRebounds13.52004–05Kevin Garnett
100%
Los Angeles LakersPoints31.62006–07Kobe Bryant
100%
Los Angeles LakersPoints35.42005–06Kobe Bryant
100%
Cleveland CavaliersPoints30.02007–08LeBron James
100%
Los Angeles LakersAssists10.22019–20LeBron James
100%
Chicago BullsPoints31.51990–91Michael Jordan
100%
Chicago BullsPoints30.11991–92Michael Jordan
100%
Chicago BullsPoints32.61992–93Michael Jordan
100%
Chicago BullsSteals2.81992–93Michael Jordan
100%
Chicago BullsPoints29.61996–97Michael Jordan
100%
Chicago BullsPoints28.71997–98Michael Jordan
100%
Chicago BullsPoints30.41995–96Michael Jordan
100%
Chicago BullsSteals2.91994–95Scottie Pippen
100%
Golden State WarriorsSteals2.12015–16Stephen Curry
100%
Golden State WarriorsPoints32.02020–21Stephen Curry
100%
Golden State WarriorsPoints30.12015–16Stephen Curry
100%
Indiana PacersAssists10.92023-24Tyrese Haliburton
100%
Philadelphia 76ersSteals2.82001–02Allen Iverson
94%
Philadelphia 76ersPoints31.12000–01Allen Iverson
94%
Philadelphia 76ersPoints30.72004–05Allen Iverson
94%
Philadelphia 76ersPoints31.42001–02Allen Iverson
94%
Philadelphia 76ersSteals2.52000–01Allen Iverson
94%
Philadelphia 76ersPoints26.81998–99Allen Iverson
94%
Philadelphia 76ersSteals2.72002–03Allen Iverson
94%
Miami HeatBlocks3.91998–99Alonzo Mourning
94%
Miami HeatBlocks3.71999–00Alonzo Mourning
94%
Memphis GrizzliesBlocks3.02022-23Jaren Jackson Jr.
94%
Memphis GrizzliesBlocks2.32021-22Jaren Jackson Jr.
94%
Philadelphia 76ersPoints30.62021-22Joel Embiid
94%
Philadelphia 76ersPoints33.12022-23Joel Embiid
94%
Dallas MavericksPoints33.92023-24Luka Dončić
94%
Indiana PacersBlocks3.42020–21Myles Turner
94%
Indiana PacersBlocks2.72018–19Myles Turner
94%
Oklahoma City ThunderPoints31.62016–17Russell Westbrook
94%
Oklahoma City ThunderAssists10.72018–19Russell Westbrook
94%
Oklahoma City ThunderAssists10.32017–18Russell Westbrook
94%
Oklahoma City ThunderPoints28.12014–15Russell Westbrook
94%
Washington WizardsAssists11.82020–21Russell Westbrook
94%
Orlando MagicPoints29.31994–95Shaquille O'Neal
94%
Los Angeles LakersPoints29.71999–00Shaquille O'Neal
94%
New York KnicksPoints28.72012–13Carmelo Anthony
88%
Atlanta HawksRebounds13.52000–01Dikembe Mutombo
88%
Atlanta HawksRebounds14.11999–00Dikembe Mutombo
88%
Denver NuggetsBlocks4.11993–94Dikembe Mutombo
88%
Denver NuggetsBlocks3.91994–95Dikembe Mutombo
88%
Denver NuggetsBlocks4.51995–96Dikembe Mutombo
88%
Orlando MagicRebounds14.22007–08Dwight Howard
88%
Orlando MagicBlocks2.92008–09Dwight Howard
88%
Orlando MagicRebounds14.52011–12Dwight Howard
88%
Orlando MagicRebounds13.82008–09Dwight Howard
88%
Orlando MagicBlocks2.82009–10Dwight Howard
88%
Orlando MagicRebounds13.22009–10Dwight Howard
88%
Los Angeles LakersRebounds12.42012–13Dwight Howard
88%
New Jersey NetsAssists8.92002–03Jason Kidd
88%
New Jersey NetsAssists9.22003–04Jason Kidd
88%
Phoenix SunsAssists10.81998–99Jason Kidd
88%
Phoenix SunsAssists10.11999–00Jason Kidd
88%
Phoenix SunsAssists9.82000–01Jason Kidd
88%
Oklahoma City ThunderPoints32.02013–14Kevin Durant
88%
Oklahoma City ThunderPoints28.02011–12Kevin Durant
88%
Oklahoma City ThunderPoints27.72010–11Kevin Durant
88%
Oklahoma City ThunderPoints30.12009–10Kevin Durant
88%
Boston CelticsAssists11.12012–13Rajon Rondo
88%
Boston CelticsSteals2.32009–10Rajon Rondo
88%
Boston CelticsAssists11.72011–12Rajon Rondo
88%
Sacramento KingsAssists11.72015–16Rajon Rondo
88%
Phoenix SunsAssists11.02009–10Steve Nash
88%
Phoenix SunsAssists11.62006–07Steve Nash
88%
Phoenix SunsAssists10.52005–06Steve Nash
88%
Phoenix SunsAssists11.52004–05Steve Nash
88%
Phoenix SunsAssists11.42010–11Steve Nash
88%
Detroit PistonsRebounds15.62018–19Andre Drummond
82%
Detroit PistonsRebounds15.22019–20Andre Drummond
82%
Detroit PistonsRebounds14.82015–16Andre Drummond
82%
Detroit PistonsRebounds16.02017–18Andre Drummond
82%
New Orleans PelicansBlocks2.92014–15Anthony Davis
82%
New Orleans PelicansBlocks2.62017–18Anthony Davis
82%
New Orleans PelicansBlocks2.82013–14Anthony Davis
82%
New Orleans HornetsSteals2.42003–04Baron Davis
82%
Golden State WarriorsSteals2.12006–07Baron Davis
82%
Atlanta HawksRebounds14.32020–21Clint Capela
82%
Golden State WarriorsSteals2.02016–17Draymond Green
82%
Utah JazzAssists11.21995–96John Stockton
82%
Utah JazzAssists12.31994–95John Stockton
82%
Utah JazzAssists14.21990–91John Stockton
82%
Utah JazzAssists13.71991–92John Stockton
82%
Utah JazzSteals3.01991–92John Stockton
82%
Utah JazzAssists12.01992–93John Stockton
82%
Utah JazzAssists12.61993–94John Stockton
82%
Denver NuggetsAssists11.41996–97Mark Jackson
82%
Oklahoma City ThunderSteals2.22018–19Paul George
82%
Oklahoma City ThunderBlocks3.72011–12Serge Ibaka
82%
Oklahoma City ThunderBlocks3.02012–13Serge Ibaka
82%
Sacramento KingsSteals2.02023-24De'Aaron Fox
76%
Sacramento KingsRebounds12.42022-23Domantas Sabonis
76%
Sacramento KingsRebounds13.72023-24Domantas Sabonis
76%
San Antonio SpursSteals2.32014–15Kawhi Leonard
76%
San Antonio SpursBlocks3.62023-24Victor Wembanyama
76%
Philadelphia 76ersSteals2.12019–20Ben Simmons
71%
Orlando MagicPoints28.02003–04Tracy McGrady
71%
Orlando MagicPoints32.12002–03Tracy McGrady
71%
San Antonio SpursPoints29.81993–94David Robinson
65%
San Antonio SpursBlocks4.51991–92David Robinson
65%
San Antonio SpursRebounds13.01990–91David Robinson
65%
Minnesota TimberwolvesRebounds15.22010–11Kevin Love
65%
Sacramento KingsRebounds13.01998–99Chris Webber
59%
Seattle SuperSonicsSteals2.91995–96Gary Payton
59%
Miami HeatBlocks3.72015–16Hassan Whiteside
59%
Miami HeatRebounds14.12016–17Hassan Whiteside
59%
Portland Trail BlazersBlocks2.92019–20Hassan Whiteside
59%
San Antonio SpursSteals2.02021-22Dejounte Murray
53%
Utah JazzBlocks2.62016–17Rudy Gobert
53%
Utah JazzRebounds14.72021-22Rudy Gobert
53%
Denver NuggetsBlocks3.32005–06Marcus Camby
47%
Toronto RaptorsBlocks3.71997–98Marcus Camby
47%
Denver NuggetsBlocks3.62007–08Marcus Camby
47%
Denver NuggetsBlocks3.32006–07Marcus Camby
47%
Indiana PacersSteals2.42017–18Victor Oladipo
41%
Milwaukee BucksBlocks2.62010–11Andrew Bogut
35%
Cleveland CavaliersAssists10.92001–02Andre Miller
29%
Atlanta HawksBlocks3.62003–04Theo Ratliff
29%
Philadelphia 76ersBlocks3.72000–01Theo Ratliff
29%
Atlanta HawksBlocks3.22002–03Theo Ratliff
29%
Milwaukee BucksSteals3.01990–91Alvin Robertson
24%
Charlotte HornetsSteals2.71999–00Eddie Jones
24%
Atlanta HawksSteals2.71996–97Mookie Blaylock
24%
Atlanta HawksSteals2.61997–98Mookie Blaylock
24%
Toronto RaptorsSteals1.92022-23O.G. Anunoby
24%
Utah JazzBlocks3.32004–05Andrei Kirilenko
18%
Washington WizardsSteals2.92004–05Larry Hughes
18%
Washington WizardsAssists10.51997–98Rod Strickland
18%
New Jersey NetsBlocks3.41996–97Shawn Bradley
18%
New Jersey NetsSteals2.71998–99Kendall Gill
6%
Seattle SuperSonicsSteals3.01993–94Nate McMillan
6%

Score Distribution

Percentile by Number Answered

Percent of People with Each Score

Your Score History

You have not taken this quiz since the last reset